000 00687nam a22001817a 4500
999 _c17765
_d17765
008 190625b xxu||||| |||| 00| 0 eng d
020 _a1849370363
040 _aKABU
_cKABU
050 _aPE1408
_b.G74 2010 c. 1
100 _aGreenhall, Margaret
245 _aReport writing skills training course
_bhow to write a report and executive summary, and plan, design, and present your report
_cMargaret Greenhall
246 _aAn easy format for writing business reports.
260 _aLancashire, UK
_bUniverse of Learning Ltd.
_c2010
300 _a102 p.
650 _aReport writing
_vProblems, exercises, etc.
650 _aEnglish language
_xGrammar
942 _2lcc
_cBK
_hPE1408